Una vida para contemplar (Record no. 10996)

MARC details
000 -CABECERA
campo de control de longitud fija 01043nam a22002537a 4500
001 - NÚMERO DE CONTROL
campo de control BRCA_9374
003 - IDENTIFICADOR DEL NÚMERO DE CONTROL
campo de control FranzMayer
005 - FECHA Y HORA DE LA ÚLTIMA TRANSACCIÓN
campo de control 20230918123747.0
008 - DATOS DE LONGITUD FIJA--INFORMACIÓN GENERAL
campo de control de longitud fija 230830b |||||||| |||| 00| 0 eng d
020 ## - NÚMERO INTERNACIONAL ESTÁNDAR DEL LIBRO
Número Internacional Estándar del Libro 9789587530377
040 ## - FUENTE DE LA CATALOGACIÓN
Centro catalogador/agencia de origen MFM
Lengua de catalogación ESPAÑOL
Centro/agencia transcriptor MFM
050 #0 - SIGNATURA TOPOGRÁFICA DE LA BIBLIOTECA DEL CONGRESO
Número de clasificación AM151.C7
Número de documento/Ítem M74 2012
110 1# - ENTRADA PRINCIPAL--NOMBRE DE ENTIDAD CORPORATIVA
Código de función/relación Rsponsable
Nombre de entidad corporativa o nombre de jurisdicción como elemento de entrada Museo colonial
9 (RLIN) 29395
240 ## - TÍTULO UNIFORME
Título uniforme Una vida para contemplar
Medio Serie inédita: vida de Santa Inés de Montepulciano O.P.
Lenguaje de la obra Español
245 0# - MENCIÓN DE TÍTULO
Título Una vida para contemplar
Resto del título Serie inédita: vida de Santa Inés de Montepulciano O.P.
260 ## - PUBLICACIÓN, DISTRIBUCIÓN, ETC.
Lugar de publicación, distribución, etc. Colombia
Nombre del editor, distribuidor, etc. Bogotá: Ministerio de cultura
Fecha de publicación, distribución, etc. 2012
300 ## - DESCRIPCIÓN FÍSICA
Extensión 107 p
Otras características físicas Ilustraciones a color
Dimensiones 23 cm
500 ## - NOTA GENERAL
Nota general Anexo 1
505 ## - NOTA DE CONTENIDO CON FORMATO
Nota de contenido con formato Texto en: españolIncluye índice temáticoDirigido a: artistas, museógrafos e historiadores de arte
650 1# - PUNTO DE ACCESO ADICIONAL DE MATERIA--TÉRMINO DE MATERIA
Fuente del encabezamiento o término Museos
Término de materia o nombre geográfico como elemento de entrada Colecciones
Subdivisión de forma Exposiciones en museos
9 (RLIN) 29396
651 2# - PUNTO DE ACCESO ADICIONAL DE MATERIA--NOMBRE GEOGRÁFICO
Fuente del encabezamiento o término Colombia
Nombre geográfico Museo colonial
Subdivisión de forma Vida de Santa Inés de Montepulciano O.P.
9 (RLIN) 29397
710 1# - PUNTO DE ACCESO ADICIONAL--NOMBRE DE ENTIDAD CORPORATIVA
Código de función/relación Cool
Nombre de entidad corporativa o nombre de jurisdicción como elemento de entrada Museo-Iglesia Santa Clara
9 (RLIN) 29398
942 ## - ELEMENTOS DE PUNTO DE ACCESO ADICIONAL (KOHA)
Fuente del sistema de clasificación o colocación Library of Congress Classification
Tipo de ítem Koha Libros
Holdings
Estado de retiro Estado de pérdida Fuente del sistema de clasificación o colocación Estado dañado No para préstamo Código de colección Localización permanente Ubicación/localización actual Fecha de adquisición Total de préstamos Signatura topográfica completa Código de barras Fecha visto por última vez Precio válido a partir de Tipo de ítem Koha
El ejemplar forma parte de la colección y puede ser consultado según las políticas vigentes.   Library of Congress Classification     Fondo Contemporáneo Biblioteca del Museo Franz Mayer (Rogerio Casas-Alatriste) Biblioteca del Museo Franz Mayer (Rogerio Casas-Alatriste) 30/08/2023   AM151.C7 M74 2012 CONT10142 30/08/2023 30/08/2023 Libros